000
00221nam a2200097Ia 4500
008
190216s9999||||xx |||||||||||||| ||und||
100
_a
Shankaran Nair N
245
0
_a
Bhouthikam
260
_b
Kerala Basha Inst
942
_c
BK
999
_c
38239
_d
38239